000 00396nam a2200169Ia 4500
008 230524s9999 xx 000 0 und d
020 _a9788173197505
082 _a624.171
_bMEN
100 _aDevdas Menon
245 0 _aStructural Analysis
250 _a7
260 _aNew Delhi
_bNarosa
_c2015
300 _a"XVI,22.1p;"
500 _aQuantity Number: 1
650 _aCivil
942 _cBK
999 _c57812
_d57812